LEADER 01139nam a22002651i 4500 001 991001176619707536 005 20030820152337.0 008 040407s1978 it |||||||||||||||||ita 035 $ab1273049x-39ule_inst 035 $aARCHE-071013$9ExL 040 $aDip.to Filologia Class. e Scienze Filosofiche$bita$cA.t.i. Arché s.c.r.l. Pandora Sicilia s.r.l. 082 04$a737 100 1 $aConsigliere, Luisa$0162539 245 10$a"Slogans" monetarii e poesia augustea /$cLuisa Consigliere 260 $aGenova :$bIstituto di filologia classica e medievale,$c1978 300 $a121 p. ;$c22 cm 440 0$aPubblicazioni dell'Istituto di filologia classica e medievale dell'Università di Genova ;$v56 500 $aIn testa al front.: Università di Genova, Facoltà di lettere 650 4$aMonete romane 907 $a.b1273049x$b02-04-14$c16-04-04 912 $a991001176619707536 945 $aLE007 737 CON 01 01$g1$i2015000070357$lle007$o-$pE0.00$q-$rl$s- $t0$u0$v0$w0$x0$y.i13264539$z16-04-04 996 $a"Slogans" monetarii e poesia augustea$9171262 997 $aUNISALENTO 998 $ale007$b16-04-04$cm$da $e-$fita$git $h0$i1 LEADER 01558nam a2200409 i 4500 001 991000977809707536 005 20020507180946.0 008 000201s1996 de 000 0 eng c 020 $a3540533400 035 $ab10783933-39ule_inst 035 $aLE01305172$9ExL 040 $aDip.to Matematica$beng 082 0 $a515.353 084 $aAMS 53C05 084 $aAMS 58A10 084 $aAMS 58G10 084 $aAMS 58G11 084 $aLC QA377.B49 100 1 $aBerline, Nicole$059507 245 10$aHeat Kernels and Dirac operators /$cNicole Berline, Ezra Getzler, Michèle Vergne 260 $aBerlin :$bSpringer-Verlag,$c1996 300 $avii, 369 p. ;$c25 cm 490 0 $aGrundlehren der mathematischen Wissenschaften = A series of comprehensive studies in mathematics,$x0072-7830 ;$v298 500 $a"Second corrected printing": T. p. verso 500 $aIncludes bibliographical references and index 650 0$aDifferential forms 650 0$aDirac equation 650 0$aHeat equation 650 0$aIndex theorems 700 1 $aGetzler, Ezra$eauthor$4http://id.loc.gov/vocabulary/relators/aut$054771 700 1 $aVergne, Michèle$eauthor$4http://id.loc.gov/vocabulary/relators/aut$0344713 907 $a.b10783933$b23-02-17$c28-06-02 912 $a991000977809707536 945 $aLE013 58G BER21 (1996)$g1$i2013000119113$lle013$o-$pE0.00$q-$rl$s- $t0$u1$v0$w1$x0$y.i1088385x$z28-06-02 996 $aHeat kernels and Dirac operators$982765 997 $aUNISALENTO 998 $ale013$b01-01-00$cm$da $e-$feng$gde $h0$i1